LEADER 00836nam1 2200253 450 001 000008940 005 20090220140018.0 010 $a978-92-844-1207-5 100 $a20080128d2007----km-y0itay50------ba 101 0 $aeng 102 $aSP 105 $ay-------001yy 200 1 $aHandbook on tourism market segmentation$emaximising marketing effectiveness$fWorld Tourism Organization, European Travel Commission 210 $aMadrid$cWorld tourism organization$d2007 215 $aXIV, 120 p.$d29 cm 610 1 $aTurismo 676 $a338.4791$v21 712 02$aWorld tourism organization 712 02$aEuropean Travel Commission 801 0$aIT$bUNIPARTHENOPE$c20090212$gRICA$2UNIMARC 912 $a000008940 951 $a338-H/2$b40477$cNAVA1$d2009 996 $aHandbook on tourism market segmentation$91204584 997 $aUNIPARTHENOPE LEADER 01241nam0 2200301 450 001 000002776 005 20220415123748.0 100 $a20010504d1985----km-y0itay50------ba 101 0 $aita 102 $aIT 200 1 $aRaccolta dei seminari di matematica applicata alle scienze economiche e sociali svolti nell'anno accademico 1981/82$f[di Dario Fuerst, Giuseppe Ottaviani, Mario Alberto Coppini...et al.] 210 $aNapoli$cGiannini$d1985 215 $a125 p.$d25 cm 225 2 $aFacoltà di economia marittima, Istituto Universitario Navale, Napoli$v14 410 0$12001$aFacoltà di economia marittima, Istituto Universitario Navale, Napoli 610 1 $aEconomia$aModelli matematici 610 1 $aMatematica applicata 676 $a519.5 700 1$aFürst,$bDario$0368032 701 1$aOttaviani,$bGiuseppe$076614 701 1$aCoppini,$bMario Alberto$0102596 801 0$aIT$bUNIPARTHENOPE$gRICA$2UNIMARC 912 $a000002776 951 $cNAVA4$a330.15/135$b27159$d20010504 951 $cNAVA4$a330.15/136$b27160$d20010504 951 $aPARTH-OTT/1$bs.i.$cNAVA1 996 $aRaccolta dei seminari di matematica applicata alle scienze economiche e sociali svolti nell'anno accademico 1981$91223833 997 $aUNIPARTHENOPE